000 00606nam a22002297a 4500
001 BR8700437
003 BR-BrBNA
005 20230928092340.0
007 ta
008 230509b bl.||||| |||| 00| 0 por d
040 _aBR-BrBNA
_bpor
_cBiblioteca Nacional de Agricultura
041 _a(Por)
072 _aD10; E40
_b/G514
090 _ D10 BR8700437
100 1 _aCastro, S.R. de
245 1 _aVarios aspectos da cooperacao [Brasil]
260 3 _aRio de Janeiro, GB (Brasil):
_c1944.
300 _a21 p.
650 _aADMINISTRACAO PUBLICA
909 _a202309
_bLucia
_c55
_dLucia Elande
942 _cBK
999 _c38497
_d38497